| 000 | 00720nam a2200253Ia 4500 | ||
|---|---|---|---|
| 003 | OSt | ||
| 005 | 20221005083938.0 | ||
| 006 | a|||||r|||| 00| 0 | ||
| 007 | ta | ||
| 008 | 221004b |||||||| |||| 00| 0 eng d | ||
| 020 | _a0300033745 | ||
| 024 | _a41918 | ||
| 037 | _cTextual | ||
| 040 |
_aCRL _cCRL _beng |
||
| 041 |
_2eng _aeng |
||
| 082 | _aO111973,3:g(Y15), M6 | ||
| 100 |
_aFairbanks Carol _915436 |
||
| 245 | 0 |
_aPrairie women _b Images in American and Canadian fiction |
|
| 260 |
_aNew Haven _bYale University Press _c1986 |
||
| 300 |
_axi, 300p _ccm. |
||
| 650 | _aENGLISH LITERATURE | ||
| 942 |
_hO111973,3:g(Y15), M6 _cTEXL _2cc |
||
| 999 |
_c991791 _d991791 |
||